Ten Canadian writers in context /
Ten years, ten authors, ten critics. The Canadian Literature Centre/Centre de littérature canadienne reached into its Brown Bag Lunch Reading Series to present a sampling of some of the most diverse and powerful voices in contemporary Canadian literature from Newfoundland to British Columbia. Each p...
| Other Authors: | , , |
|---|---|
| Format: | Book |
| Language: | English French |
| Language Notes: | Text in English with some in French. |
| Published: |
Edmonton :
University of Alberta Press,
[2016]
|
| Edition: | First edition. |
| Series: | Robert Kroetsch series.
|
| Subjects: |
MARC
| Tag | First Indicator | Second Indicator | Subfields |
|---|---|---|---|
| LEADER | 00000cam a2200000 i 4500 | ||
| 001 | in00003724813 | ||
| 005 | 20170926145753.0 | ||
| 008 | 160414t20162016abc b 000 0 eng | ||
| 020 | |a 9781772121414 |q (paperback) | ||
| 020 | |a 177212141X |q (paperback) | ||
| 035 | |a (OCoLC)ocn934885714 | ||
| 040 | |a NLC |b eng |e rda |c NLC |d CDX |d C#P |d UtOrBLW | ||
| 041 | 0 | |a eng |a fre | |
| 043 | |a n-cn--- | ||
| 049 | |a TXAM | ||
| 050 | 4 | |a PR9184.6 |b .T46 2016 | |
| 055 | 0 | |a PS8071.5 |b .T45 2016 | |
| 082 | 0 | |a C810.9/006 |2 23 | |
| 245 | 0 | 0 | |a Ten Canadian writers in context / |c Chen [and 9 others] ; Marie Carrière, Curtis Gillespie & Jason Purcell, editors. |
| 250 | |a First edition. | ||
| 264 | 1 | |a Edmonton : |b University of Alberta Press, |c [2016] | |
| 264 | 4 | |c ©2016 | |
| 300 | |a xiii, 202 pages : |b portraits ; |c 23 cm. | ||
| 336 | |a text |b txt |2 rdacontent | ||
| 337 | |a unmediated |b n |2 rdamedia | ||
| 338 | |a volume |b nc |2 rdacarrier | ||
| 490 | 1 | |a Robert Kroetsch series | |
| 546 | |a Text in English with some in French. | ||
| 504 | |a Includes bibliographical references. | ||
| 520 | |a Ten years, ten authors, ten critics. The Canadian Literature Centre/Centre de littérature canadienne reached into its Brown Bag Lunch Reading Series to present a sampling of some of the most diverse and powerful voices in contemporary Canadian literature from Newfoundland to British Columbia. Each piece is accompanied by a concise critical essay addressing the author's writerly preoccupations and practices. The literary selections and essays will be of interest to engaged readers who want direction in analyzing these authors' work as well as to teachers and students of Canadian literature. | ||
| 650 | 0 | |a Canadian literature |y 21st century |x History and criticism. | |
| 650 | 0 | |a Authorship. |0 http://id.loc.gov/authorities/subjects/sh85010030 | |
| 700 | 1 | |a Gillespie, Curtis, |d 1960- |e editor. |0 http://id.loc.gov/authorities/names/n98032855 | |
| 700 | 1 | |a Carrière, Marie J., |d 1971- |e editor. |0 http://id.loc.gov/authorities/names/no2002072820 | |
| 700 | 1 | |a Purcell, Jason, |d 1990- |e editor. | |
| 830 | 0 | |a Robert Kroetsch series. |0 http://id.loc.gov/authorities/names/no2012071607 | |
| 945 | |b 809507 | ||
| 947 | |a A14843454811 | ||
| 948 | |a cataloged |b h |c 2016/10/17 |d c |e dmitchel |f 10:30:20 am | ||
| 994 | |a 92 |b TXA | ||
| 999 | f | f | |s 275a9ccf-b06e-3ce4-b151-fc9ff2fa9fb8 |i 17424f88-2bf1-3353-bd2d-ebeda790f5e2 |t 0 |
| 952 | f | f | |p normal |a Texas A&M University |b College Station |c Sterling C. Evans Library |d Evans: Library Stacks |t 0 |e PR9184.6 .T46 2016 |h Library of Congress classification |i unmediated -- volume |m A14843454811 |
| 998 | f | f | |a PR9184.6 .T46 2016 |t 0 |l Evans: Library Stacks |